Livro

Ruedas /

Na minha lista:
Detalhes bibliográficos
Autor principal: Hailey, Arthur
Formato: Livro
Idioma:espanhol
inglês
Publicado em: Buenos Aires : Emecé, 1971.
coleção:Top (Emecé).
Assuntos:

MARC

LEADER 00000Cam#a22000005a#4500
001 027424
003 AR-BeUNQ
005 20250217100219.0
008 150427s1971||||ag # ### #000|f#spa#d
999 |c 24970  |d 100357 
040 |a AR-BeUNQ  |b spa 
041 1 |a pa  |h eng 
044 |a ag 
082 0 4 |a 823  |2 21 
100 1 |a Hailey, Arthur. 
245 0 2 |a Ruedas /   |c Arthur Hailey. 
260 |a Buenos Aires :   |b Emecé,   |c 1971. 
300 |a 441 p. ;   |c 17 cm. 
490 1 |a Top Emecé 
500 |a Traducción de: Wheels. 1971. 
650 7 |a Literatura (Arte)  |2 spines 
650 7 |a Literatura inglesa  |2 ttll 
650 7 |a Novelas  |2 ttll 
650 7 |a Automóviles  |2 spines 
830 0 |a Top (Emecé). 
929 |a DONACION  |b Guillermo Menegaz  |d 60,00  |e 20150306  |f PAT0057210  |g 2763  |j 52793 
942 |c LIB  |n 0